[Event "Famalicao op 9th"]
[Site "Vila Nova de Famalicao"]
[Date "2022.07.28"]
[Round "7"]
[White "Paulino, Jose Manuel Goncalv"]
[Black "Dias, Ivo Rodrigues"]
[Result "0-1"]
[WhiteElo "2032"]
[BlackElo "2133"]
[PlyCount "124"]
[EventDate "2022.07.25"]
[EventType "swiss"]
[EventRounds "9"]
[EventCountry "POR"]
[SourceTitle "CBM 209 Extra"]
[Source "ChessBase"]
[SourceDate "2022.09.30"]
[SourceVersion "1"]
[SourceVersionDate "2022.09.30"]
[SourceQuality "1"]

1. e4 c5 2. Nf3 d6 3. d4 cxd4 4. Nxd4 Nf6 5. Nc3 Nc6 6. Be2 e5 7. Nxc6 bxc6 8. 0-0 Be7 9. Bg5 0-0 10. Qd2 Be6 11. Rfe1 h6 12. Bh4 Qb8 13. Qd3 Rd8 14. b3 d5 15. exd5 cxd5 16. Bg3 e4 17. Qd2 Qb6 18. Na4 Qc6 19. c3 Nd7 20. f3 Bf6 21. fxe4 dxe4 22. Qc2 Nc5 23. Nb2 Rac8 24. Rad1 Bf5 25. Rxd8+ Rxd8 26. Rd1 Rxd1+ 27. Nxd1 Nd3 28. Bxd3 exd3 29. Qd2 Qe4 30. Bf4 Qe2 31. h3 Be4 32. Nf2 Bf5 33. Qxe2 dxe2 34. Bd2 Bg5 35. Be1 Be3 36. g4 Bb1 37. a3 Bc1 38. Kg2 Bxa3 39. Kf3 Bc2 40. b4 Bd1 41. Nd3 Kf8 42. Nf4 Bc1 43. Nxe2 Bg5 44. Bf2 a6 45. Be3 Bh4 46. Bf2 Bf6 47. Bd4 Bxd4 48. cxd4 Ke7 49. Ke3 Bxe2 50. Kxe2 Kd6 51. h4 Kd5 52. Ke3 Kc4 53. Ke4 Kxb4 54. Kd5 Kb5 55. Kd6 a5 56. d5 a4 57. Ke7 a3 58. d6 a2 59. d7 a1Q 60. d8Q Qf6+ 61. Ke8 Qxd8+ 62. Kxd8 h5 0-1

[Event "Famalicao op 8th"]
[Site "Vila Nova de Famalicao"]
[Date "2021.07.30"]
[Round "8"]
[White "Gomez Ledo, Roberto Carlos"]
[Black "Dias, Ivo Rodrigues"]
[Result "1-0"]
[WhiteElo "2446"]
[BlackElo "2158"]
[PlyCount "71"]
[EventDate "2021.07.26"]
[EventType "swiss"]
[EventRounds "9"]
[EventCountry "POR"]
[SourceTitle "CBM 203 Extra"]
[Source "ChessBase"]
[SourceDate "2021.09.30"]
[SourceVersion "1"]
[SourceVersionDate "2021.09.30"]
[SourceQuality "1"]

1. d4 Nf6 2. Bf4 d5 3. Nf3 c5 4. c3 e6 5. e3 Nc6 6. Nbd2 cxd4 7. exd4 Nh5 8. Be3 Bd6 9. Ne5 g6 10. Be2 Ng7 11. f4 f6 12. Nd3 0-0 13. 0-0 Qc7 14. g3 Bd7 15. Nf3 Rae8 16. Bf2 b6 17. Re1 h6 18. Nh4 Ne7 19. Rc1 g5 20. Ng2 Ng6 21. Qd2 Re7 22. Bd1 Bb5 23. Bc2 Be8 24. Re2 Nh8 25. Rce1 Bh5 26. Re3 Qd7 27. Bd1 Bg6 28. Bf3 Nf7 29. g4 h5 30. h3 Bxd3 31. Rxd3 gxf4 32. Nxf4 Qc7 33. Ng6 Ng5 34. Bg2 hxg4 35. hxg4 Kf7 36. Nxf8 1-0

[Event "Guimaraes 2nd"]
[Site "Guimaraes"]
[Date "2018.10.07"]
[Round "6"]
[White "Machado, Tomas Dias"]
[Black "Dias, Ivo Rodrigues"]
[Result "1/2-1/2"]
[WhiteElo "1966"]
[BlackElo "2174"]
[PlyCount "35"]
[EventDate "2018.10.04"]
[EventType "swiss"]
[EventRounds "7"]
[EventCountry "POR"]
[SourceTitle "CBM 186 Extra"]
[Source "ChessBase"]
[SourceDate "2018.08.24"]
[SourceVersion "1"]
[SourceVersionDate "2018.08.24"]
[SourceQuality "1"]

1. e4 c5 2. Nf3 e6 3. d4 cxd4 4. Nxd4 a6 5. Bd3 Nf6 6. 0-0 d6 7. b3 Be7 8. Bb2 0-0 9. Nd2 Qc7 10. c4 Nbd7 11. Qe2 Re8 12. Rae1 Bf8 13. Bc2 b5 14. Bb1 bxc4 15. Qxc4 Qa5 16. b4 Qh5 17. Re3 Ne5 18. Qc2 1/2-1/2

[Event "Portuguese Masters"]
[Site "Cascais"]
[Date "2018.08.16"]
[Round "8"]
[White "Santos, Antonio Pereira"]
[Black "Dias, Ivo Rodrigues"]
[Result "1-0"]
[WhiteElo "2194"]
[BlackElo "2164"]
[PlyCount "47"]
[EventDate "2018.08.11"]
[EventType "tourn"]
[EventRounds "9"]
[EventCountry "POR"]
[SourceTitle "CBM 186 Extra"]
[Source "ChessBase"]
[SourceDate "2018.08.24"]
[SourceVersion "1"]
[SourceVersionDate "2018.08.24"]
[SourceQuality "1"]

1. d4 Nf6 2. c4 e6 3. Nf3 d5 4. g3 Be7 5. Bg2 0-0 6. 0-0 dxc4 7. Qc2 a6 8. a4 Bd7 9. Ne5 Bc6 10. Nxc6 Nxc6 11. e3 Na5 12. Nd2 c5 13. dxc5 Qc7 14. Nxc4 Qxc5 15. b3 Nxc4 16. bxc4 Qc7 17. c5 Nd7 18. c6 Nb6 19. Be4 h6 20. cxb7 Qxc2 21. bxa8Q Qc3 22. Qb7 Qxa1 23. Qxe7 Nxa4 24. Ba3 1-0

[Event "Portuguese Masters"]
[Site "Cascais"]
[Date "2018.08.15"]
[Round "7"]
[White "Dias, Ivo Rodrigues"]
[Black "Fidalgo, Andre Neves"]
[Result "1/2-1/2"]
[WhiteElo "2164"]
[BlackElo "2187"]
[PlyCount "68"]
[EventDate "2018.08.11"]
[EventType "tourn"]
[EventRounds "9"]
[EventCountry "POR"]
[SourceTitle "CBM 186 Extra"]
[Source "ChessBase"]
[SourceDate "2018.08.24"]
[SourceVersion "1"]
[SourceVersionDate "2018.08.24"]
[SourceQuality "1"]

1. e4 c5 2. Nf3 Nc6 3. d4 cxd4 4. Nxd4 g6 5. c4 Nf6 6. Nc3 d6 7. Be2 Nxd4 8. Qxd4 Bg7 9. Be3 0-0 10. Qd3 a5 11. 0-0 a4 12. Rad1 Qa5 13. Bd4 Be6 14. f4 Rfc8 15. b3 axb3 16. axb3 Bg4 17. Bxf6 Bxe2 18. Qxe2 Bxf6 19. Nd5 Qc5+ 20. Kh1 Ra3 21. e5 dxe5 22. fxe5 Bg5 23. Qg4 e6 24. Qxg5 exd5 25. cxd5 Raa8 26. d6 Rf8 27. Qf6 Qe3 28. Rf3 Qe2 29. Rdf1 Rad8 30. h4 h5 31. d7 Rxd7 32. e6 Rc7 33. exf7+ Kh7 34. Qd6 Re7 1/2-1/2

[Event "Portuguese Masters"]
[Site "Cascais"]
[Date "2018.08.15"]
[Round "6"]
[White "Padeiro, Jose Joao Tato"]
[Black "Dias, Ivo Rodrigues"]
[Result "1/2-1/2"]
[WhiteElo "2241"]
[BlackElo "2164"]
[PlyCount "51"]
[EventDate "2018.08.11"]
[EventType "tourn"]
[EventRounds "9"]
[EventCountry "POR"]
[SourceTitle "CBM 186 Extra"]
[Source "ChessBase"]
[SourceDate "2018.08.24"]
[SourceVersion "1"]
[SourceVersionDate "2018.08.24"]
[SourceQuality "1"]

1. e4 c5 2. Nc3 a6 3. g3 b5 4. Bg2 Bb7 5. d3 e6 6. Nh3 Nf6 7. 0-0 d6 8. f4 Qc7 9. e5 Bxg2 10. Kxg2 Nfd7 11. f5 Nxe5 12. fxe6 fxe6 13. Nf4 Qd7 14. Ne4 Nbc6 15. Qh5+ Qf7 16. Qxf7+ Kxf7 17. Nd5+ Kg8 18. Nc7 Rc8 19. Nxe6 Be7 20. Bf4 h6 21. Bxe5 Nxe5 22. Nf4 Kf7 23. Nh5+ Kg6 24. Nf4+ Kf7 25. Nh5+ Kg6 26. Nf4+ 1/2-1/2

[Event "Portuguese Masters"]
[Site "Cascais"]
[Date "2018.08.12"]
[Round "2"]
[White "Dias, Paulo Jorge Guimara"]
[Black "Dias, Ivo Rodrigues"]
[Result "0-1"]
[WhiteElo "2328"]
[BlackElo "2164"]
[PlyCount "62"]
[EventDate "2018.08.11"]
[EventType "tourn"]
[EventRounds "9"]
[EventCountry "POR"]
[SourceTitle "CBM 186 Extra"]
[Source "ChessBase"]
[SourceDate "2018.08.24"]
[SourceVersion "1"]
[SourceVersionDate "2018.08.24"]
[SourceQuality "1"]

1. d4 Nf6 2. c4 e6 3. Nc3 d5 4. cxd5 exd5 5. Bg5 Bb4 6. e3 h6 7. Bh4 g5 8. Bg3 Ne4 9. Rc1 c6 10. Bd3 Nxg3 11. fxg3 Qe7 12. Qf3 Be6 13. Nge2 Nd7 14. 0-0 Bd6 15. e4 dxe4 16. Nxe4 0-0-0 17. N2c3 Kb8 18. Kh1 Bc7 19. b4 Qxb4 20. Ne2 Bb6 21. Rb1 Qa3 22. Rfc1 Ne5 23. dxe5 Qxd3 24. a4 Qxf3 25. gxf3 Rd5 26. f4 Bg4 27. Ng1 Bf5 28. Rc4 Rhd8 29. Nf3 Rd4 30. Rxd4 Rxd4 31. Ned2 Rxa4 0-1

[Event "Famalicao op 6th"]
[Site "Famalicao"]
[Date "2018.08.02"]
[Round "7"]
[White "Dias, Ivo Rodrigues"]
[Black "Nagy, Gabor"]
[Result "0-1"]
[WhiteElo "2138"]
[BlackElo "2474"]
[PlyCount "68"]
[EventDate "2018.07.29"]
[EventType "swiss"]
[EventRounds "9"]
[EventCountry "POR"]
[SourceTitle "CBM 185 Extra"]
[Source "ChessBase"]
[SourceDate "2018.07.29"]
[SourceVersion "1"]
[SourceVersionDate "2018.07.29"]
[SourceQuality "1"]

1. e4 c5 2. Nf3 d6 3. Nc3 a6 4. d4 cxd4 5. Nxd4 Nf6 6. h3 e5 7. Nde2 h5 8. Bg5 Be6 9. Bxf6 Qxf6 10. Nd5 Qd8 11. Nec3 Nd7 12. Bc4 Rc8 13. Bb3 Nc5 14. 0-0 g6 15. Qf3 Bg7 16. Rad1 0-0 17. Ne3 b5 18. Rd2 b4 19. Ncd5 Qh4 20. Rdd1 Nxe4 21. g3 Ng5 22. gxh4 Nxf3+ 23. Kg2 Bxd5 24. Rxd5 e4 25. Rxd6 Nxh4+ 26. Kh1 Kh7 27. Rfd1 a5 28. Rd7 f5 29. Nd5 Kh6 30. Nf4 Bxb2 31. Ne6 Rf6 32. Ra7 Rc3 33. Nf4 Kg5 34. Ne6+ Rxe6 0-1

[Event "Famalicao op 6th"]
[Site "Famalicao"]
[Date "2018.08.01"]
[Round "5"]
[White "Dias, Ivo Rodrigues"]
[Black "Campora, Daniel Hugo"]
[Result "1/2-1/2"]
[WhiteElo "2138"]
[BlackElo "2405"]
[PlyCount "40"]
[EventDate "2018.07.29"]
[EventType "swiss"]
[EventRounds "9"]
[EventCountry "POR"]
[SourceTitle "CBM 185 Extra"]
[Source "ChessBase"]
[SourceDate "2018.07.29"]
[SourceVersion "1"]
[SourceVersionDate "2018.07.29"]
[SourceQuality "1"]

1. e4 d6 2. d4 Nf6 3. Nc3 e5 4. Nf3 Nbd7 5. Bc4 Be7 6. 0-0 0-0 7. a4 a5 8. Re1 c6 9. Ba2 Qc7 10. h3 exd4 11. Nxd4 Nc5 12. Bf4 Nfd7 13. Nf5 Ne5 14. Nxe7+ Qxe7 15. Bh2 g5 16. Qd2 Be6 17. f4 gxf4 18. Bxf4 Bxa2 19. Rxa2 Kh8 20. Rf1 f6 1/2-1/2

[Event "POR-chT"]
[Site "Maia"]
[Date "2018.07.19"]
[Round "6.3"]
[White "Dias, Ivo Rodrigues"]
[Black "Lombaers, Peter"]
[Result "1/2-1/2"]
[WhiteElo "2138"]
[BlackElo "2361"]
[PlyCount "119"]
[EventDate "2018.07.16"]
[EventType "team-tourn"]
[EventRounds "9"]
[EventCountry "POR"]
[SourceTitle "CBM 185 Extra"]
[Source "ChessBase"]
[SourceDate "2018.07.29"]
[SourceVersion "1"]
[SourceVersionDate "2018.07.29"]
[SourceQuality "1"]
[WhiteTeam "CX A2D"]
[BlackTeam "Porto A"]
[WhiteTeamCountry "POR"]
[BlackTeamCountry "POR"]

1. d4 Nf6 2. Bg5 d5 3. e3 c5 4. Nf3 Nc6 5. Be2 Ne4 6. Bf4 Qb6 7. Nc3 Nxc3 8. bxc3 g6 9. 0-0 Bg7 10. Rb1 Qd8 11. Rb5 cxd4 12. cxd4 0-0 13. c4 dxc4 14. Bxc4 b6 15. Rb1 Bb7 16. Qe2 Na5 17. Bd3 Rc8 18. Rfd1 Qd5 19. e4 Qd7 20. d5 Rc3 21. Bb5 Qg4 22. Bd2 Rc2 23. a4 f5 24. Bd3 fxe4 25. Bxc2 exf3 26. Qe6+ Qxe6 27. dxe6 Nc4 28. Bb4 Bf6 29. Bb3 Ne5 30. g3 Be4 31. Rbc1 Nd3 32. Rc4 Bf5 33. Ba3 h5 34. h3 Ne5 35. Rc7 Re8 36. Rxa7 Bxh3 37. Bb2 Nc6 38. Rc7 Bxb2 39. Rxc6 Rb8 40. Rd7 Ba3 41. Rdc7 Kg7 42. Rc8 Rb7 43. R6c7 Rxc7 44. Rxc7 g5 45. Bd5 g4 46. Rc3 Bd6 47. Rc6 Be5 48. Rxb6 h4 49. gxh4 g3 50. Rb4 Bd6 51. Rc4 Bb8 52. Bxf3 Ba7 53. Bg2 gxf2+ 54. Kf1 Bf5 55. Ke2 Bxe6 56. Rc7 Bb6 57. Rxe7+ Kf6 58. Rb7 Bc4+ 59. Kd2 Ba5+ 60. Ke3 1/2-1/2

[Event "Lisbon Portugal rapid op"]
[Site "Lisbon"]
[Date "2018.02.10"]
[Round "4"]
[White "Nagy, Gabor"]
[Black "Dias, Ivo Rodrigues"]
[Result "1-0"]
[WhiteElo "2469"]
[BlackElo "2158"]
[PlyCount "37"]
[EventDate "2018.02.10"]
[EventType "swiss (rapid)"]
[EventRounds "8"]
[EventCountry "POR"]
[SourceTitle "CBM 182 Extra"]
[Source "ChessBase"]
[SourceDate "2018.02.23"]
[SourceVersion "1"]
[SourceVersionDate "2018.02.23"]
[SourceQuality "1"]

1. e4 c5 2. Nf3 e6 3. Nc3 Qc7 4. d4 cxd4 5. Nxd4 Nc6 6. Be3 a6 7. Qf3 d6 8. 0-0-0 Bd7 9. Kb1 Nf6 10. Be2 Rc8 11. g4 b5 12. g5 b4 13. Ncb5 axb5 14. Nxb5 Qa5 15. gxf6 Ra8 16. fxg7 Qxa2+ 17. Kc1 Bxg7 18. Nxd6+ Kd8 19. Bb6+ 1-0

[Event "POR SuperCup"]
[Site "Vila Nova de Famalicao"]
[Date "2017.10.22"]
[Round "1.2"]
[White "Dias, Ivo Rodrigues"]
[Black "Petkov, Vladimir"]
[Result "1/2-1/2"]
[WhiteElo "2197"]
[BlackElo "2495"]
[PlyCount "124"]
[EventDate "2017.10.22"]
[EventType "team-match"]
[EventRounds "1"]
[EventCountry "POR"]
[SourceTitle "CBM 181 Extra"]
[Source "ChessBase"]
[SourceDate "2017.12.12"]
[SourceVersion "1"]
[SourceVersionDate "2017.12.12"]
[SourceQuality "1"]
[WhiteTeam "CX A2D"]
[BlackTeam "Gaia"]
[WhiteTeamCountry "POR"]
[BlackTeamCountry "POR"]

1. e4 e5 2. Nf3 Nc6 3. Bc4 Bc5 4. c3 Nf6 5. d3 d6 6. a4 a5 7. 0-0 0-0 8. h3 h6 9. Re1 Be6 10. Bb5 Bb6 11. Nbd2 Ne7 12. d4 c6 13. Bf1 Ng6 14. Nc4 Bc7 15. Qc2 Re8 16. dxe5 dxe5 17. Rd1 Qe7 18. b3 Nh7 19. Ba3 Qf6 20. Nd6 Reb8 21. Nf5 Rd8 22. Nh2 h5 23. g3 Bxf5 24. exf5 Ne7 25. Bd3 Nd5 26. Be4 Bb6 27. h4 Nf8 28. Nf3 Rd7 29. Ng5 Rad8 30. c4 Nb4 31. Bxb4 axb4 32. Rxd7 Rxd7 33. Qe2 Bd4 34. Ra2 g6 35. fxg6 fxg6 36. a5 Ne6 37. Nxe6 Qxe6 38. a6 bxa6 39. Rxa6 Qh3 40. Rxc6 Qxg3+ 41. Kf1 Qh3+ 42. Bg2 Qxb3 43. Rxg6+ Kf7 44. Be4 Qh3+ 45. Rg2 Qh1+ 46. Rg1 Qh3+ 47. Rg2 Qh1+ 48. Rg1 Qh3+ 49. Rg2 Qxh4 50. Qf3+ Qf6 51. Qxh5+ Ke7 52. Qh7+ Kd8 53. Qg8+ Kc7 54. Qa8 Bb6 55. Bd5 e4 56. Qb7+ Kd8 57. Qb8+ Ke7 58. Rh2 Qa1+ 59. Kg2 Qg7+ 60. Kf1 Qa1+ 61. Kg2 Qg7+ 62. Kf1 Qa1+ 1/2-1/2

[Event "POR-ch"]
[Site "Vila Nova de Gaia"]
[Date "2017.09.23"]
[Round "8"]
[White "Sousa, Andre Ventura"]
[Black "Dias, Ivo Rodrigues"]
[Result "1/2-1/2"]
[WhiteElo "2386"]
[BlackElo "2186"]
[PlyCount "41"]
[EventDate "2017.09.17"]
[EventType "tourn"]
[EventRounds "9"]
[EventCountry "POR"]
[EventCategory "3"]
[SourceTitle "CBM 180 Extra"]
[Source "ChessBase"]
[SourceDate "2017.10.06"]
[SourceVersion "1"]
[SourceVersionDate "2017.10.06"]
[SourceQuality "1"]

1. c4 Nf6 2. Nf3 e6 3. Nc3 c5 4. e4 Nc6 5. Be2 Be7 6. 0-0 d6 7. d4 cxd4 8. Nxd4 0-0 9. Be3 Qc7 10. Qd2 a6 11. Rac1 Ne5 12. h3 b6 13. f4 Ned7 14. b4 Bb7 15. Bd3 Rfe8 16. Qf2 Rac8 17. Nf3 Bd8 18. Qg3 Qb8 19. e5 Nh5 20. Qg4 g6 21. Ng5 1/2-1/2

[Event "POR-ch"]
[Site "Vila Nova de Gaia"]
[Date "2017.09.18"]
[Round "2"]
[White "Dias, Ivo Rodrigues"]
[Black "Fernandes, Antonio ETG"]
[Result "1/2-1/2"]
[WhiteElo "2186"]
[BlackElo "2457"]
[PlyCount "60"]
[EventDate "2017.09.17"]
[EventType "tourn"]
[EventRounds "9"]
[EventCountry "POR"]
[EventCategory "3"]
[SourceTitle "CBM 180 Extra"]
[Source "ChessBase"]
[SourceDate "2017.10.06"]
[SourceVersion "1"]
[SourceVersionDate "2017.10.06"]
[SourceQuality "1"]

1. e4 c5 2. Nc3 Nc6 3. Nf3 g6 4. d4 cxd4 5. Nxd4 Bg7 6. Be3 Nf6 7. Bc4 0-0 8. Bb3 d6 9. h3 Bd7 10. 0-0 Qa5 11. Re1 Rfe8 12. f4 Nxd4 13. Bxd4 Bc6 14. Qd3 Nh5 15. Bxg7 Kxg7 16. Rf1 Qc5+ 17. Kh2 b5 18. Nd5 Bxd5 19. Bxd5 Rac8 20. c3 a5 21. a3 Nf6 22. Ba2 Rcd8 23. Rae1 e5 24. f5 d5 25. fxg6 dxe4 26. Qg3 fxg6 27. Rxf6 Kxf6 28. Rf1+ Ke7 29. Rf7+ Kd6 30. Rxh7 Re7 1/2-1/2

[Event "Guimaraes op"]
[Site "Guimaraes"]
[Date "2017.09.05"]
[Round "6"]
[White "Ferreira, Hugo Miguel da Cost"]
[Black "Dias, Ivo Rodrigues"]
[Result "0-1"]
[WhiteElo "2089"]
[BlackElo "2186"]
[PlyCount "74"]
[EventDate "2017.09.02"]
[EventType "swiss"]
[EventRounds "7"]
[EventCountry "POR"]
[SourceTitle "CBM 180 Extra"]
[Source "ChessBase"]
[SourceDate "2017.10.06"]
[SourceVersion "1"]
[SourceVersionDate "2017.10.06"]
[SourceQuality "1"]

1. d4 Nf6 2. Nf3 c5 3. c3 b6 4. Bg5 e6 5. e3 Be7 6. Bd3 Bb7 7. Nbd2 cxd4 8. exd4 0-0 9. 0-0 d6 10. Re1 Nbd7 11. a4 a6 12. Qe2 Re8 13. Nc4 Qc7 14. Nfd2 h6 15. Bh4 Bf8 16. Bg3 Qc6 17. f3 e5 18. dxe5 Nh5 19. Bf2 Nf4 20. Qe4 Nxd3 21. Qxd3 dxe5 22. Ne4 Rad8 23. Qe2 a5 24. Ne3 Qg6 25. Ng3 Nc5 26. Qc2 Qxc2 27. Nxc2 Rd2 28. Re2 Red8 29. Rae1 Nxa4 30. Nd4 Rxb2 31. Rxe5 Nxc3 32. Ngf5 g6 33. Ne7+ Kh7 34. h4 Bg7 35. h5 Bxe5 36. Rxe5 Rxd4 37. hxg6+ fxg6 0-1

[Event "Mondariz Balneario Cemar op 4th"]
[Site "Mondariz"]
[Date "2017.08.22"]
[Round "8"]
[White "Otero Nogueira, Brais"]
[Black "Dias, Ivo Rodrigues"]
[Result "1/2-1/2"]
[WhiteElo "1981"]
[BlackElo "2223"]
[PlyCount "46"]
[EventDate "2017.08.16"]
[EventType "swiss"]
[EventRounds "9"]
[EventCountry "ESP"]
[SourceTitle "CBM 180 Extra"]
[Source "ChessBase"]
[SourceDate "2017.10.06"]
[SourceVersion "1"]
[SourceVersionDate "2017.10.06"]
[SourceQuality "1"]

1. g3 Nf6 2. Bg2 e6 3. c4 d5 4. cxd5 exd5 5. Nf3 Be7 6. 0-0 0-0 7. d4 c6 8. Nc3 Re8 9. Ne5 Nbd7 10. Nxd7 Bxd7 11. Bg5 Bf5 12. Bxf6 Bxf6 13. Qd2 Qb6 14. e3 a5 15. Rac1 a4 16. Rfd1 g6 17. Bf1 Be7 18. a3 Red8 19. Ne2 Ra5 20. Nf4 g5 21. Bd3 Bg4 22. Be2 Bf5 23. Bd3 Bg4 1/2-1/2

[Event "Mondariz Balneario Cemar op 4th"]
[Site "Mondariz"]
[Date "2017.08.20"]
[Round "5"]
[White "Dias, Ivo Rodrigues"]
[Black "Gorbatov, Alexej"]
[Result "0-1"]
[WhiteElo "2223"]
[BlackElo "2360"]
[PlyCount "105"]
[EventDate "2017.08.16"]
[EventType "swiss"]
[EventRounds "9"]
[EventCountry "ESP"]
[SourceTitle "CBM 180 Extra"]
[Source "ChessBase"]
[SourceDate "2017.10.06"]
[SourceVersion "1"]
[SourceVersionDate "2017.10.06"]
[SourceQuality "1"]

1. e4 c5 2. Nf3 d6 3. d4 cxd4 4. Nxd4 Nf6 5. Nc3 Nc6 6. g3 Bd7 7. Bg2 g6 8. 0-0 Bg7 9. Nde2 0-0 10. h3 Rc8 11. b3 b5 12. Rb1 Nb4 13. a3 Na6 14. Bb2 Nc5 15. Nd4 a6 16. Re1 e5 17. Nf3 Bc6 18. Nh2 Qc7 19. Ng4 Ncd7 20. Qd2 Nxg4 21. hxg4 Nb6 22. Rbd1 Rcd8 23. g5 Qb7 24. Bc1 Rfe8 25. Qd3 Bf8 26. Be3 Be7 27. Qd2 Rb8 28. Na2 Bd7 29. f4 Bg4 30. Rc1 Red8 31. Kh2 d5 32. exd5 Bxa3 33. Rb1 exf4 34. gxf4 Bd6 35. Kg3 Bf5 36. Rh1 Qe7 37. Qd4 f6 38. gxf6 Qf7 39. Rbc1 Nd7 40. Nb4 Re8 41. Nd3 Qxf6 42. Qxf6 Nxf6 43. Ne5 b4 44. Nc4 Bf8 45. Bd4 Ne4+ 46. Kf3 h5 47. Be5 Rbd8 48. Bh3 Bxh3 49. Rxh3 Nd6 50. Bxd6 Bxd6 51. Rg1 Kf7 52. Rhg3 Bc5 53. Rd1 0-1